00684 2200205 4500245007200000020002200072250001100094100001500105700003000120700002700150650002100177650002600198005001900224260007600243041001400319084001000333300002900343500009700372336000900469 aTe Aofalu nu Pulo Tomia b : Legenda Pulau TomiacIma LawaruhText a978-623-112-394-7 aCet. 1 aIma Lawaru aHaikal Primawangsa Taslim aUntung Kustoro, S.Hum. aCerita Bergambar aCerita Anak Dwibahasa a20241002093435 aJakartabKementerian Pendidikan, Kebudayaan, Riset, dan Teknologic2023 aIndonesia a741.5 a24 hlm :b29,7 cm ;cPDF aCerita Anak Dwibahasa Sulawesi Tenggara : Dalam Bahasa Wakatobi (Tomia) dan Bahasa Indonesia atext